Cena pana Alfreda Nobela. V popředí zájmu světová ekonomika.

V roku 1977 bola udelená Nobelova cena za ekonómiu profesorovi Bertilovi Ohlinovi zo štockholmskej Scool of Economics a profesorovi Jamesovi Meadeovi z univerzity v Cambridge. Boli ocenení za priekopnícky príspevok k teórii medzinárodného obchodu a medzinárodného kapitálu v oblasti svetovej ekonomik...

ver descrição completa

Na minha lista:
Detalhes bibliográficos
Formato: Capítulo de Livro
Idioma:tcheco
Assuntos:
Tags: Adicionar Tag
Sem tags, seja o primeiro a adicionar uma tag!

MARC

LEADER 00000naa a2200000 4500
001 r013223
005 20221213083204.0
041 0 |a cze 
044 |a CZ 
245 1 0 |a Cena pana Alfreda Nobela.  |b V popředí zájmu světová ekonomika. 
520 |a V roku 1977 bola udelená Nobelova cena za ekonómiu profesorovi Bertilovi Ohlinovi zo štockholmskej Scool of Economics a profesorovi Jamesovi Meadeovi z univerzity v Cambridge. Boli ocenení za priekopnícky príspevok k teórii medzinárodného obchodu a medzinárodného kapitálu v oblasti svetovej ekonomiky. 
610 2 0 |a Nobelova cena 
610 2 0 |a ekonómia 
610 2 0 |a Ohlin, B. 
610 2 0 |a 1977 
610 2 0 |a Meade, J. 
610 2 0 |a obchod medzinárodný 
610 2 0 |a hospodárstvo svetové 
610 2 0 |a kapitál zahraničný